Poučení z krizového vývoje: srpen 2008

Prognóza vývoja svetového bankovníctva na rok 2008. Príčiny a dôsledky krízy. Rýchlosť absorbovania informácií. Dopad na strednú a východnú Európu. Charakteristika kľúčových oblastí ktorým sa banky majú venovať, aby v nestabilnom ekonomickom prostredí uspeli.

Gespeichert in:
Bibliographische Detailangaben
1. Verfasser: Pruner, Petr
Format: Buchkapitel
Sprache:Tschechisch
Schlagworte:
Tags: Tag hinzufügen
Keine Tags, Fügen Sie das erste Tag hinzu!

MARC

LEADER 00000naa$a2200000$$$4500
001 0086099
005 20231010095421.6
041 0 |a cze 
044 |a CZ 
245 1 0 |a Poučení z krizového vývoje: srpen 2008  |c Petr Pruner 
520 |a Prognóza vývoja svetového bankovníctva na rok 2008. Príčiny a dôsledky krízy. Rýchlosť absorbovania informácií. Dopad na strednú a východnú Európu. Charakteristika kľúčových oblastí ktorým sa banky majú venovať, aby v nestabilnom ekonomickom prostredí uspeli. 
610 2 0 |a banky 
610 2 0 |a kríza 
610 2 0 |a informácie 
610 2 0 |a pobočky bankové 
610 2 0 |a zdroje ľudské 
610 2 0 |a riziko 
610 2 0 |a styk platobný 
100 1 |a Pruner, Petr